| 000 | 00646nam a2200217 a 4500 | ||
|---|---|---|---|
| 005 | 20210223131717.0 | ||
| 008 | 120426s2005 es r 000 0 spa d | ||
| 020 | _a8431678372 | ||
| 035 | _aUPN01000184281 | ||
| 049 | _aI | ||
| 050 | 4 |
_aPZ7 _bB4.7 |
|
| 100 | 1 | _aBehan, Brendan | |
| 245 | 1 | 3 |
_aEl príncipe y el gigante / _cBrendan Behan ; il. P. J. Lynch ; tr. Susana Camps. |
| 260 |
_aBarcelona, Esp. : _bVicens Vives, _c2005. |
||
| 300 |
_a47 p. : _bil. col. |
||
| 440 | 0 |
_aCucaña ; _v30 |
|
| 650 | 4 |
_aCUENTOS INFANTILES IRLANDESES _913037 |
|
| 650 | 4 |
_aPRINCIPES - _vLITERATURA INFANTIL _911346 |
|
| 905 | _aInfantil | ||
| 999 |
_c156384 _d156384 |
||